00330 a2200109 4500001001000000005001700010008004100027245004200068100002100110773007200131999001700203ART_5155920260410161956.0260409a 10aRecuperación económica y judicial1 aFerro, Carlos A.0 tTemas de derecho comercialg- Año 6, N° 11 (nov. 2020)wREV28151 c30807d30807